000 00610nam a2200193 a 4500
001 000015195
005 20200929163958.0
008 100203s1986 dr r 000 0 spa d
040 _aDO-SdBNP
_bspa
_cBNPHU
082 _aC863.4
_bV297a
100 1 _aVargas Vila, José María,
_d1860-1933
_927136
245 1 0 _aAlmas dolientes /
_cJosé María Vargas Vila.
260 _aSanto Domingo :
_bAlfa y Omega,
_c1986.
300 _a127 p. ;
_c18 cm.
590 _aInventariado, 2019/BT
650 4 _aCuentos colombianos
_921475
650 4 _aLiteratura colombiana
_91244
910 _aValidado. Control de calidad. MFF
999 _c14766
_d14766